Geography on Country Flags - Statistics

General Stats
  • This quiz has been taken 42 times
  • The average score is 10 of 29
Answer Stats
Hint Answer % Correct
Astronomical entities Southern Cross constellation New Zealand
79%
Astronomical entities Southern Cross constellation Australia
76%
Maps and shapes Map of its own country Cyprus
66%
Maps and shapes Map of its own country Kosovo
53%
Astronomical entities Southern Cross constellation Brazil
50%
Bodies of water A representation of the Mekong River Laos
50%
Astronomical entities Full moon Laos
50%
Astronomical entities Full moon Palau
50%
Bodies of water Pacific Ocean Kiribati
47%
Astronomical entities Southern Cross constellation Samoa
39%
Astronomical entities Both sun and moon Nepal
37%
Bodies of water The Guayas River Ecuador
32%
Mountains Mount Chimborazo Ecuador
32%
Astronomical entities Southern Cross constellation Papua New Guinea
29%
Bodies of water Atlantic Ocean Slovenia
29%
Mountains Mount Triglav Slovenia
29%
Bodies of water Nicaragua
21%
Mountains Nonspecific mountains Nicaragua
21%
Mountains Cerro Rico Mountain Bolivia
18%
Bodies of water Pacific Ocean El Salvador
18%
Mountains Nonspecific mountains El Salvador
18%
Astronomical entities Both sun and moon Mongolia
18%
Mountains The Pitons Saint Lucia
18%
Maps and shapes Rough shape of the country Bosnia and Herzegovina
16%
Bodies of water Both Atlantic and Pacific Oceans Costa Rica
16%
Mountains Nonspecific mountains Costa Rica
16%
Mountains Tatra, Fatra, & Mátra Slovakia
16%
Bodies of water Atlantic Ocean Antigua and Barbuda
13%
Mountains Monte Titano San Marino
8%
No matching quizzes found
Score Distribution
Percent of People with Each Score
Percentile by Number Answered
Your Score History
You have not taken this quiz